Seminaire de probabilites XXXII
Saved in:
| Other Authors: | |
|---|---|
| Format: | Book |
| Language: | English |
| Published: |
Berlin ; Heidelberg :
Springer,
c1998
|
| Series: | Lecture notes in mathematics (Springer-Verlag)
; 1686 |
| Subjects: | |
| Tags: |
Add Tag
No Tags, Be the first to tag this record!
|
MARC
| LEADER | 00000cam a2200000 i 4500 | ||
|---|---|---|---|
| 001 | 1/2618 | ||
| 008 | 000509s1998 gw ||| | eng|| | ||
| 020 | |a 3540643761 | ||
| 035 | |l 10060503 | ||
| 040 | |a GR-MyUA |b gre |e AACR2 | ||
| 041 | 0 | |a eng | |
| 082 | 0 | |a 519.2 | |
| 245 | 1 | 0 | |a Seminaire de probabilites XXXII / |c J. Azema...[et.al.], editors. |
| 246 | 3 | 3 | |a Seminaire de probabilites 32 |
| 260 | |a Berlin ; Heidelberg : |b Springer, |c c1998 | ||
| 300 | |a vi, 434 σ. : |b εικ. ; |c 25 εκ. | ||
| 490 | 1 | |a (Lecture notes in mathematics (Springer-Verlag) |v ; 1686) | |
| 650 | 0 | 0 | |a Probabilities |x Congresses. |
| 700 | 1 | |a Azema, J. |e edt | |
| 830 | 0 | |a Lecture notes in mathematics (Springer-Verlag) |v ; 1686 | |
| 852 | |a INST |b SAMOS |e 20000509 |h 519.2 SEM |p 005300017110 |q 005300017110 |t BK |y 0 | ||
| 901 | |a BIBL3-2000-2 | ||
| 909 | |a Σ |b 067242 | ||
| 922 | |a 3ΕΛΗ |b 199909 |c ΕΠΕΑΕΚ/ΜΑΘ |d ΠΑΠΑΣΩΤΗΡΙΟΥ | ||
| 970 | |a ΓΕΝΟΥΖΟΥ |b ΧΡΥΣΑΝΘΗ |z 2000/04/10 | ||